Κατάλογος Βιβλιοθηκών Mediterranean College

Σύγχρονες Έρευνες στην Κοινωνική Ψυχολογία / Η Κοινωνική Επιρροή (Record no. 419)

MARC details
000 -LEADER
fixed length control field 01106cam a22001934a 4500
005 - ΗΜΕΡΟΜΗΝΙΑ ΚΑΙ ΩΡΑ ΤΕΛΕΥΤΑΙΑΣ ΕΝΗΜΕΡΩΣΗΣ
Πεδίο ελέγχου 20250605163224.0
008 - FIXED-LENGTH DATA ELEMENTS--GENERAL INFORMATION
Πεδίο ελέγχου σταθερού μήκους 250528s ||||||||||||||||||||||||d
035 ## - SYSTEM CONTROL NUMBER
System control number 14803
020 ## - ISBN
ISBN 9602100206
040 ## - ΠΗΓΗ ΚΑΤΑΛΟΓΟΓΡΑΦΗΣΗΣ
Φορέας πρωτότυπης καταλογογράφησης MC Athens Campus Library
Γλώσσα καταλογογράφησης Ελληνικά, Μοντέρνα (1453-)
Modifying agency MC Athens Campus Library
Κανόνες περιγραφικής καταλογογράφησης AACR2
245 1# - ΤΙΤΛΟΣ ΚΑΙ ΔΗΛΩΣΗ ΥΠΕΥΘΥΝΟΤΗΤΑΣ
Τίτλος Σύγχρονες Έρευνες στην Κοινωνική Ψυχολογία / Η Κοινωνική Επιρροή
250 ## - EDITION STATEMENT
Edition statement
260 ## - PUBLICATION, DISTRIBUTION, ETC.
Name of publisher, distributor, etc. Οδυσσέας,
Date of publication, distribution, etc. 1989
300 ## - PHYSICAL DESCRIPTION
Extent 800
520 ## - SUMMARY, ETC.
Summary, etc. Ο τόμος αυτός αποτελεί μια προσπάθεια να πληρωθεί το κενό που χαρακτηρίζει την ελληνική βιβλιογραφία γύρω απ'τα θέματα που πραγματεύεται η Κοινωνική Ψυχολογία. Πρόλογος, Εισαγωγή, Συμμόρφωση και Υποταγή, Διαδικασίες Μειονοτικής Επιρροής, Κοινωνική Ενδοτικότητα και Ιδεολογική Μεταστροφή, Σημειώσεις, Βιβλιογραφία.
942 ## - ADDED ENTRY ELEMENTS (KOHA)
Koha item type Books
Holdings
Τύπος τεκμηρίου Βιβλιοθήκη Τρέχουσα τοποθεσία Barcode Αριθμός εισαγωγής Ημερομηνία απόκτησης Ταξιθετικό σύμβολο Αριθμός αντιτύπου Κατάσταση απόσυρσης Κατάσταση χαμένου Κατάσταση κατεστραμμένου Μη δανεισμός Σύνολο δανεισμών Ημερομηνία τελευταίας εμφάνισης Η τιμή ισχύει από
Books MC Athens Campus Library MC Athens Campus Library 9780000004185 4999 05/06/2025 302 PAP 1           05/06/2025 05/06/2025

MC Athens Campus Library
Πατησίων 94 & Κοδριγκτώνος 13, 104 34
Πελλήνης 8 & Πατησίων 107, 112 51
Τ: +30 210 8899600

MC Thessaloniki Campus Library
Ίωνος Δραγούμη 21, 54625 | Ίωνος Δραγούμη 15, 54625
Τ: +30 2310 287779 – Τ: +30 2314 440300